000 00755cab a2200241 4500
001 WB3128-22
008 090401t1995 xxu||||| |||| 00| 0 eng d
035 _a(Sirsi) u35467
041 _aeng
245 _aRight to use countryside
260 _c1995
350 _a0
490 _aIndependent
_v21 July 1995, 7(1)
520 _a"Environmental impact of leisure activities" HC Environment Committee (HMSO £20) assesses the impact of noisy leisure flocking to the rural areas does long-term environmental damage.
650 _aCOUNTRYSIDE
650 _aEnvironment
_96238
650 _aLEISURE ACTIVITIES
650 _aRURAL AREAS
650 _aWILDLIFE
690 _aENVIRONMENTAL AND LAND CONSULTANCY
942 _n0
948 _c04/03/1997
999 _c23218
_d23218